[Event "NRW-ch"]
[Site "Herne"]
[Date "2012.10.10"]
[Round "5"]
[White "Kemper, Meinolf"]
[Black "Wickenfeld, Stefan"]
[Result "1-0"]
[WhiteElo "2136"]
[BlackElo "2020"]
[PlyCount "65"]
[EventDate "2012.10.06"]
[EventType "swiss"]
[EventRounds "7"]
[EventCountry "GER"]
[SourceTitle "EXT 2016"]
[Source "ChessBase"]
[SourceDate "2015.10.08"]
[SourceVersion "1"]
[SourceVersionDate "2015.10.08"]
[SourceQuality "1"]

1. Nf3 d5 2. d4 c6 3. b3 e6 4. e3 Nf6 5. Bd3 Be7 6. 0-0 0-0 7. Nbd2 Nbd7 8. Bb2 b6 9. Ne5 Nxe5 10. dxe5 Nd7 11. Qh5 g6 12. Qh6 Nc5 13. Be2 Ba6 14. Bxa6 Nxa6 15. Rad1 f5 16. Nf3 Rf7 17. c4 Nc5 18. Nd4 Qd7 19. f3 Bf8 20. Qf4 b5 21. Qg3 bxc4 22. bxc4 Rb8 23. Ba1 Rb4 24. cxd5 cxd5 25. Rc1 f4 26. exf4 Nd3 27. f5 Nxc1 28. Rxc1 Rxf5 29. Nxf5 exf5 30. Qe1 Kf7 31. e6+ Qxe6 32. Rc7+ Be7 33. Qxb4 1-0

[Event "GER-ch Net qual4 U25"]
[Site "Playchess.com INT"]
[Date "2012.09.12"]
[Round "7"]
[White "Wickenfeld, Stefan"]
[Black "Will, Patrick"]
[Result "1-0"]
[WhiteElo "2020"]
[BlackElo "2050"]
[PlyCount "107"]
[EventDate "2012.09.12"]
[EventType "swiss (blitz)"]
[EventRounds "7"]
[EventCountry "GER"]
[SourceTitle "CBM 150 Extra"]
[Source "ChessBase"]
[SourceDate "2012.10.19"]
[SourceVersion "1"]
[SourceVersionDate "2012.10.19"]
[SourceQuality "1"]

1. d4 c5 2. Nf3 cxd4 3. Nxd4 Nf6 4. g3 e6 5. Bg2 Be7 6. 0-0 a6 7. b3 0-0 8. Bb2 Qc7 9. Nd2 d6 10. c4 Nbd7 11. Qc2 Rb8 12. e4 b6 13. Rac1 Bb7 14. Rfe1 Rbc8 15. a3 Rfe8 16. b4 Qb8 17. Qa4 Qa8 18. f3 Ne5 19. Qb3 d5 20. cxd5 exd5 21. f4 Nc4 22. Nxc4 dxc4 23. Rxc4 Rxc4 24. Qxc4 Bxe4 25. Bxe4 Nxe4 26. Nc6 Bf6 27. Rxe4 Bxb2 28. a4 g6 29. Qe2 Bd4+ 30. Kf1 Rxe4 31. Qxe4 Kf8 32. Qe7+ Kg7 33. Nxd4 Qh1+ 34. Ke2 Qxh2+ 35. Kd3 Qxg3+ 36. Qe3 Qg4 37. Qe5+ Kg8 38. f5 Qd1+ 39. Kc4 Qxa4 40. Qb8+ Kg7 41. Qxb6 Qa2+ 42. Kc5 h5 43. fxg6 fxg6 44. Qc7+ Kh6 45. Qf4+ Kg7 46. Qe5+ Kh6 47. Qe3+ Kg7 48. Ne6+ Kf7 49. Ng5+ Kg7 50. Ne4 h4 51. Qc3+ Kh6 52. Qe3+ Kg7 53. Qd4+ Kh6 54. Qh8# 1-0

[Event "GER-ch Net qual3 U25"]
[Site "Playchess.com INT"]
[Date "2012.09.08"]
[Round "1"]
[White "Braun, Georg"]
[Black "Wickenfeld, Stefan"]
[Result "1-0"]
[WhiteElo "2147"]
[BlackElo "2020"]
[PlyCount "145"]
[EventDate "2012.09.08"]
[EventType "swiss (blitz)"]
[EventRounds "7"]
[EventCountry "GER"]
[SourceTitle "CBM 150 Extra"]
[Source "ChessBase"]
[SourceDate "2012.10.19"]
[SourceVersion "1"]
[SourceVersionDate "2012.10.19"]
[SourceQuality "1"]

1. e4 d5 2. exd5 Nf6 3. Nf3 Nxd5 4. d4 Bg4 5. h3 Bh5 6. Be2 e6 7. Ne5 Bxe2 8. Qxe2 Be7 9. Qb5+ Nd7 10. Qxb7 Nxe5 11. dxe5 0-0 12. 0-0 Bc5 13. Nd2 Rb8 14. Qc6 Qe7 15. Nb3 Bb6 16. c3 Rfd8 17. Qc4 a5 18. a4 Rd7 19. Nd4 Qh4 20. f4 Qg3 21. Kh1 Ne3 22. Bxe3 Qxe3 23. Rae1 Qg3 24. Nf3 Rbd8 25. Qe4 h6 26. Re2 Rd1 27. Ree1 R1d5 28. b4 axb4 29. cxb4 Bf2 30. Rc1 g6 31. b5 Kg7 32. Qe2 Bb6 33. Qe4 Ra8 34. Rfd1 Rad8 35. Rxd5 Rxd5 36. Ra1 Ba5 37. Qe3 Bb6 38. Qe4 Ba5 39. Rc1 Qf2 40. Kh2 Qb2 41. Qc4 Qf2 42. Qc2 Qe3 43. Qc4 Bb6 44. Re1 Qf2 45. Qe2 Qc5 46. Qe4 Qc3 47. h4 Ba5 48. h5 Qb4 49. Qxb4 Bxb4 50. Rb1 Ba5 51. hxg6 Kxg6 52. Kg3 Kf5 53. Rh1 Kg6 54. Kf2 Rc5 55. Ra1 Rc2+ 56. Kg3 c6 57. Nd4 Rc3+ 58. Kh2 cxb5 59. axb5 Bb6 60. Nf3 Rc4 61. Kg3 Be3 62. Nh4+ Kh5 63. Rf1 Rb4 64. Kh3 Rxf4 65. Rxf4 Bxf4 66. g4+ Kg5 67. Nf3+ Kg6 68. b6 Be3 69. b7 Ba7 70. Nd4 h5 71. Nc6 hxg4+ 72. Kxg4 f5+ 73. exf6 1-0